000 00450 a2200133 4500
001 ART_5897
005 20260410161828.0
008 260409a
245 1 0 _aSeguro obligatorio de responsabilidad civil. Ensayo sobre instituciones en mercados imperfectos
100 1 _aAcciarri, Hugo
700 1 _aBarbero, Andrea
700 1 _aCastellano, Andrea
773 0 _tEstudios Económicos
_g- Vol. 26, Nº 52 (ene./jun. 2009)
_wREV5080
999 _c22998
_d22998